| 000 | 01063nam a22003377a 4500 | ||
|---|---|---|---|
| 003 | CHAP | ||
| 005 | 20220817044449.0 | ||
| 008 | 110803s2009 us a r 00010 eng d | ||
| 010 | _a101709 | ||
| 011 | _a102681 | ||
| 020 | _a9780321599490 | ||
| 035 | _a113370 | ||
| 040 | _cCHAP | ||
| 082 | 0 | 4 |
_a333.7 _bT44 2009 |
| 100 | 1 |
_aTietenberg, Tom _9113273 |
|
| 245 | 1 | 0 |
_aEnviromental economics and policy _c/por Tom Tietenberg y Lynne Lewis |
| 250 | _a6 ed. | ||
| 260 |
_aBoston : _bAddison Wesley, _c2009 |
||
| 300 |
_axxii, 536 p. : _bilus., tablas |
||
| 590 |
_aBATCH-UPD _b10 _c20130110 _lUCH01 _h1711 |
||
| 590 |
_aBATCH-UPD _b10 _c20130410 _lUCH01 _h1057 |
||
| 590 |
_aBATCH-UPD _b10 _c20130914 _lUCH01 _h1234 |
||
| 590 |
_aCONVERSION _b10 _c20130109 _lUCH01 _h1356 |
||
| 650 | 1 | 4 |
_aEconomía ambiental. _935258 |
| 650 | 1 | 4 |
_aEconomía ecológica. _935272 |
| 650 | 1 | 4 |
_aRecursos naturales _xConservación. |
| 700 | 1 |
_aLewis, Lynne _966535 |
|
| 901 | _aBK | ||
| 942 | _cLIBRO | ||
| 949 |
_a333.7 T44 2009 _bBC _cLIBRO _d33724002247207 _eLIBRO _h115477 _i113370 _sb |
||
| 999 |
_c101709 _d101709 |
||